Vyhodnocovanie chýb údržby strojov a návrh nápravných opatrení

Salvato in:
Dettagli Bibliografici
Autore principale: Gardlík, Adrián (Autore)
Altri autori: Červeňan, Andrej (Relatore della tesi)
Natura: Manoscritto Libro
Lingua:slovacco
Pubblicazione: 2023
Soggetti:
Accesso online:http://is.stuba.sk/zp/portal_zp.pl?podrobnosti=171579
Tags: Aggiungi Tag
Nessun Tag, puoi essere il primo ad aggiungerne!!

MARC

LEADER 00000ntm a22000003a 4500
001 stuzp90974
003 SK-STU
005 20231218124640.0
007 ta
008 150427s2015----xo-----f-mn---000-0-slo-d
040 |a STU  |b slo 
041 0 |a slo 
100 1 |a Gardlík, Adrián  |u 020070  |4 aut  |U SjF Strojnícka fakulta  |T SjF Ústav výrobných systémov, enviromentálnej techniky a manažment kvality  |X 103957  |U J0070  |Y 804  |7 103957 
242 0 1 |a Evaluation of machine maintenance errors and proposal of corrective measures  |y eng 
245 1 0 |a Vyhodnocovanie chýb údržby strojov a návrh nápravných opatrení 
260 |c 2023 
650 4 |a Údržba  |2 slo 
650 4 |a FMECA analýza  |2 slo 
650 4 |a Ishikawa diagram  |2 slo 
650 4 |a FMEA analýza  |2 slo 
650 4 |a 5 krát prečo  |2 slo 
650 4 |a Paretova analýza  |2 slo 
650 4 |a Vyhodnocovanie chýb údržby  |2 slo 
650 4 |a 5 times why  |2 eng 
650 4 |a Pareto analysis  |2 eng 
650 4 |a Evaluation of maintenance errors  |2 eng 
650 4 |a FMECA analysis  |2 eng 
650 4 |a Maintenance  |2 eng 
650 4 |a Ishikawa diagram  |2 eng 
650 4 |a FMEA analysis  |2 eng 
700 1 |a Červeňan, Andrej  |u 020070  |k Z1  |4 ths  |U SjF Strojnícka fakulta  |T SjF Ústav výrobných systémov, enviromentálnej techniky a manažment kvality  |X 2273  |U J0070  |Y 804  |7 A000002273 
856 4 |u http://is.stuba.sk/zp/portal_zp.pl?podrobnosti=171579 
996 |b 284J047334  |c J* 3554/DBP  |l JJSK  |s A  |a 24  |w stuzp90974_0001